Assessing effects of thermoset polyester resin waste powder on the processing and mechanical properties of natural rubber (Record no. 54528)

MARC details
000 -LEADER
fixed length control field 00659nam a2200217Ia 4500
100 ## - MAIN ENTRY--AUTHOR NAME
Personal name Ansarifat A
245 #0 - TITLE STATEMENT
Title Assessing effects of thermoset polyester resin waste powder on the processing and mechanical properties of natural rubber
260 ## - PUBLICATION, DISTRIBUTION, ETC. (IMPRINT)
Name of publisher Journal of Rubber Research
Year of publication 2009
300 ## - PHYSICAL DESCRIPTION
Number of Pages 26-Dec
520 ## - SUMMARY, ETC.
Summary, etc DL
650 ## - SUBJECT ADDED ENTRY--TOPICAL TERM
Topical Term Glass reinforced thermoset polyester resin waste powder
650 ## - SUBJECT ADDED ENTRY--TOPICAL TERM
Topical Term Mechanical properties
650 ## - SUBJECT ADDED ENTRY--TOPICAL TERM
Topical Term Processing properties
650 ## - SUBJECT ADDED ENTRY--TOPICAL TERM
Topical Term Recycling
650 ## - SUBJECT ADDED ENTRY--TOPICAL TERM
Topical Term Sulphur cure
700 ## - ADDED ENTRY--PERSONAL NAME
Personal name Osmani M
700 ## - ADDED ENTRY--PERSONAL NAME
Personal name Pappu A
700 ## - ADDED ENTRY--PERSONAL NAME
Personal name Wang L
942 ## - ADDED ENTRY ELEMENTS (KOHA)
Koha item type Journals
Holdings
Withdrawn status Lost status Damaged status Not for loan Home library Current library Shelving location Date acquired Serial Enumeration / chronology Koha item type
      Journals RRII Library RRII Library Rubber technology 08/05/2009 Volume 12, Issue 1 Journals